The 9th world congress of rural sociology university of Burcharest July 22-26, 1996: "Rural adult education in Japan"

সংরক্ষণ করুন:
গ্রন্থ-পঞ্জীর বিবরন
প্রধান লেখক: Yoshinobu Kanda
বিন্যাস: গ্রন্থ
ভাষা:Undetermined
প্রকাশিত: Japan Kagoshima University 1996
বিষয়গুলি:
ট্যাগগুলো: ট্যাগ যুক্ত করুন
কোনো ট্যাগ নেই, প্রথমজন হিসাবে ট্যাগ করুন!
Thư viện lưu trữ: Trung tâm Học liệu Trường Đại học Cần Thơ
LEADER 00570nam a2200181Ia 4500
001 CTU_38968
008 210402s9999 xx 000 0 und d
082 |a 630 
082 |b T374 
100 |a Yoshinobu Kanda 
245 4 |a The 9th world congress of rural sociology university of Burcharest July 22-26, 1996: "Rural adult education in Japan" 
245 0 |c Yoshinobu Kanda 
260 |a Japan 
260 |b Kagoshima University 
260 |c 1996 
650 |a rural development 
904 |i Liên, 000519 
980 |a Trung tâm Học liệu Trường Đại học Cần Thơ